La matemàtica de la història. (Registro nro. 55699)

Detalles MARC
000 -LEADER
campo de control de longitud fija 00794nam a2200229 i 4500
001 - NÚMERO DE CONTROL
campo de control 55699
003 - IDENTIFICADOR DE NÚMERO DE CONTROL
campo de control ES-MaACL
005 - FECHA Y HORA DE LA ÚLTIMA TRANSACCIÓN
campo de control 20230906163211.0
007 - CAMPO FIJO DE DESCRIPCIÓN FÍSICA--INFORMACIÓN GENERAL
campo de control de longitud fija t|
008 - DATOS DE LONGITUD FIJA--INFORMACIÓN GENERAL
campo de control de longitud fija 030925m19691970sp ||||1| cat d
080 ## - NÚMERO DE LA CLASIFICACIÓN DECIMAL UNIVERSAL
Número de la Clasificación Decimal Universal 930.1
080 ## - NÚMERO DE LA CLASIFICACIÓN DECIMAL UNIVERSAL
Número de la Clasificación Decimal Universal 008(04)
100 1# - ENTRADA PRINCIPAL--NOMBRE DE PERSONA
Nombre de persona Deulofeu, Alejandro.
9 (RLIN) 43975
245 13 - MENCIÓN DEL TÍTULO
Título La matemàtica de la història.
Número de parte o sección de la obra I,
Nombre de parte o sección de la obra Naixença, grandesa i mort de les civilitzacions /
Mención de responsabilidad, etc. Alexandre Deulofeu.
246 3# - FORMA VARIANTE DEL TITULO
Título propio/Titulo breve Naixença, grandesa i mort de les civilitzacions
260 ## - PUBLICACIÓN, DISTRIBUCIÓN, ETC.
Lugar de publicación, distribución, etc. Figueres, Gerona :
Nombre del editor, distribuidor, etc. Emporitana,
Fecha de publicación, distribución, etc. [1969-1970]
300 ## - DESCRIPCIÓN FÍSICA
Extensión 1 v. (279 p.) :
Otras características físicas il. ;
Dimensiones 19 cm.
505 8# - NOTA DE CONTENIDO CON FORMATO
Nota de contenido con formato Contiene: I. Naixença, grandesa i mort de les civilitzacions
650 #4 - PUNTO DE ACCESO ADICIONAL DE MATERIA--TÉRMINO DE MATERIA
Término de materia o nombre geográfico como elemento de entrada Historia-
Subdivisión general Filosofía.
9 (RLIN) 13380
650 #4 - PUNTO DE ACCESO ADICIONAL DE MATERIA--TÉRMINO DE MATERIA
Término de materia o nombre geográfico como elemento de entrada Civilización-
Subdivisión general Filosofía.
9 (RLIN) 11081
852 4# - LOCALIZACIÓN
Ubicación ES-MaACL
Número de control de estantería P-1853
Existencias
Estatus retirado Estado de pérdida Estado de daño No para préstamo Biblioteca de origen Biblioteca actual Ubicación en estantería Fecha de adquisición Fuente de adquisición Total de préstamos Signatura topográfica completa Código de barras Visto por última vez Precio de reemplazo Tipo de ítem Koha
        Biblioteca del Ateneo de Madrid Biblioteca del Ateneo de Madrid Depósito 2 17/01/2008     P-1853 1058512 23/02/2023 23/02/2023 Libro impreso